Sahārā te hora kahāṇīāṃ, (Record no. 54152)

MARC details
000 -LEADER
fixed length control field 00684cam a22002411 4500
001 - CONTROL NUMBER
control field sa 63001801
003 - CONTROL NUMBER IDENTIFIER
control field DLC
005 - DATE AND TIME OF LATEST TRANSACTION
control field 20260227111930.0
008 - FIXED-LENGTH DATA ELEMENTS--GENERAL INFORMATION
fixed length control field 890913s1962 ii a 000 1 pano
010 ## - LIBRARY OF CONGRESS CONTROL NUMBER
LC control number sa 63001801
025 ## - OVERSEAS ACQUISITION NUMBER
Overseas acquisition number PL480:I-Pu-172
035 ## - SYSTEM CONTROL NUMBER
System control number (OCoLC)20335744
040 ## - CATALOGING SOURCE
Original cataloging agency DLC
Transcribing agency WaU
Modifying agency NSyU
-- DLC
042 ## - AUTHENTICATION CODE
Authentication code premarc
050 00 - LIBRARY OF CONGRESS CALL NUMBER
Classification number PK2659.S46
Item number S2
100 1# - MAIN ENTRY--PERSONAL NAME
Personal name Singh, Gurbaksh,
Dates associated with a name 1895-
245 10 - TITLE STATEMENT
Title Sahārā te hora kahāṇīāṃ,
Statement of responsibility, etc. Gurabhak̲h̲asha Siṅgha.
260 ## - PUBLICATION, DISTRIBUTION, ETC.
Place of publication, distribution, etc. Ammritasara,
Name of publisher, distributor, etc. Sawerā Sāhitta Pabalisharza
Date of publication, distribution, etc. [1962]
300 ## - PHYSICAL DESCRIPTION
Extent 107 p.
Other physical details illus.
Dimensions 19 cm.
490 0# - SERIES STATEMENT
Series statement Sawera sahit series,
Volume/sequential designation no. 5
500 ## - GENERAL NOTE
General note In Panjabi.
500 ## - GENERAL NOTE
General note A novel.

No items available.

Powered by Koha